00347nam a2200109 a 450000100100000000500170001000800410002704000250006824500390009326000680013230000370020000003823020201002031214.0130404s2008 dr 000 0 spa d aDO-SdBNPbspacBNPHU00aAvance hacia la energía nuclear. aSanto Domingo :bComisión Nacional de Energía (CNE),c2008. a359 p. :bil., gráf. ;c24 cm.